Central Library OPAC University of Rajshahi

امراؤ جان ادا : Umrāʼo Jān Adā / (Record no. 84857)

MARC details
000 -LEADER
fixed length control field 00731nam a2200229 a 4500
001 - CONTROL NUMBER
control field 84857
003 - CONTROL NUMBER IDENTIFIER
rucl marc code BD-RjUL
005 - DATE AND TIME OF LATEST TRANSACTION
control field 20250427110423.0
008 - FIXED-LENGTH DATA ELEMENTS--GENERAL INFORMATION
fixed length control field 140309s1996 ii 000 1 eng d
035 ## - SYSTEM CONTROL NUMBER
System control number (BD-RjUL)
040 ## - CATALOGING SOURCE
Original cataloging agency DLC
Transcribing agency DLC
Language of cataloging eng
Modifying agency BD-RjUL
041 1# - LANGUAGE CODE
Language code of text/sound track or separate title eng
Language code of original urd
082 00 - DEWEY DECIMAL CLASSIFICATION NUMBER
Classification number 891.4393
Edition number 23
Author mark and year RUU 1996
100 1# - MAIN ENTRY--PERSONAL NAME
Personal name Ruswa, Mirza Mohammad Hadi, ;; رسوا، مرزا محمد هادى
Dates associated with a name 1857-1931.
9 (RLIN) 70180
245 10 - TITLE STATEMENT
Title امراؤ جان ادا : Umrāʼo Jān Adā /
Statement of responsibility, etc. Mirza Muhammad Hadi Rusva مرزا محمد هادى رسوا.,
260 ## - PUBLICATION, DISTRIBUTION, ETC. (IMPRINT)
Place of publication, distribution, etc. Calcutta :
Name of publisher, distributor, etc. Rupa & Co.,
Date of publication, distribution, etc. 1996.
300 ## - PHYSICAL DESCRIPTION
Pagination 342 p. ;
Size 22 cm.
500 ## - GENERAL NOTE
General note Novel.
650 ## - SUBJECT ADDED ENTRY--TOPICAL TERM
Topical term or geographic name as entry element Novel
9 (RLIN) 70181
942 ## - ADDED ENTRY ELEMENTS (KOHA)
Source of classification or shelving scheme Dewey Decimal Classification
Koha item type Books
Holdings
Lost status Source of classification or shelving scheme Damaged status Not for loan Collection code Permanent Location Current Location Shelving location Date acquired Full call number Date last seen Copy number Koha item type
  Dewey Decimal Classification   Not For Loan Fiction Central Library, University of Rajshahi Central Library, University of Rajshahi Fiction 27/04/2025 U 891.4393 RUU 1996 27/04/2025 C-1 Books